00652nam a2200193Ia 4500003000900000008004100009020001800050040001600068080001800084100003100102245009800133260005600231300001400287650001800301650002300319942000700342999001500349952009400364IN-BaIIA211028s9999 xx 000 0 eng d a0-85296-440-4 cIIA Library a083.8:52bCOL aCollins, Mike comp.910685 0aAstronomical catalogues 1951-1975cMike comp Collins  aU.K.bThe institution of electrical engineersc1977 aix, 325p. aAstronomy980 aBibliography92940 cBK c6209d6209 00104070aBANbBANcGENd1979-04-07l0o083.8:52/ COLp6922r2021-11-05w1979-04-07yBK